00721nam a2200133 a 4500008004100000020001800041050001500059110006300074245023800137260008000375300001600455500007100471650004500542120917s2012 ||||||||||||||||| || u a9789211541953 aUNHCHR(02) aUnited Nations High Commissioner for Human Rights (UNHCHR)10aInternational convention on the elimination of all forms of racial discrimination: selected decisions of the Committee on the Elimination of Racial Discrimination, volume Icby United Nations High Commission for Human Rights [UNHCHR] aNew York:bUnited Nations High Commissioner For Human Rights (UNHCHR)c2012 a213p.: ill. aThirty-sixth to seventy-fifth sessions (August 1988 - August 2011) aRACE DISCRIMINATION--LAW AND LEGISLATION